<?xml version="1.0" encoding="UTF-8"?>
<record
    xmlns:xsi="http://www.w3.org/2001/XMLSchema-instance"
    xsi:schemaLocation="http://www.loc.gov/MARC21/slim http://www.loc.gov/standards/marcxml/schema/MARC21slim.xsd"
    xmlns="http://www.loc.gov/MARC21/slim">

  <leader>00396nam a2200157Ia 4500</leader>
  <controlfield tag="008">230917s9999||||xx |||||||||||||| ||und||</controlfield>
  <datafield tag="040" ind1=" " ind2=" ">
    <subfield code="e">115143</subfield>
    <subfield code="a">MAIN</subfield>
  </datafield>
  <datafield tag="041" ind1=" " ind2=" ">
    <subfield code="a">English</subfield>
  </datafield>
  <datafield tag="082" ind1=" " ind2=" ">
    <subfield code="a">660.602458 C34I(2)</subfield>
  </datafield>
  <datafield tag="100" ind1=" " ind2=" ">
    <subfield code="a">Chawla, H S</subfield>
  </datafield>
  <datafield tag="245" ind1=" " ind2="0">
    <subfield code="a">Introduction to Plant Biotechnology</subfield>
  </datafield>
  <datafield tag="250" ind1=" " ind2=" ">
    <subfield code="a">2nd ed.</subfield>
  </datafield>
  <datafield tag="260" ind1=" " ind2=" ">
    <subfield code="a">New Delhi</subfield>
    <subfield code="b">Oxford &amp; IBH</subfield>
    <subfield code="c">2007</subfield>
  </datafield>
  <datafield tag="300" ind1=" " ind2=" ">
    <subfield code="a">xxiv, 538 p.</subfield>
  </datafield>
  <datafield tag="942" ind1=" " ind2=" ">
    <subfield code="c">BK</subfield>
  </datafield>
  <datafield tag="952" ind1=" " ind2=" ">
    <subfield code="0">0</subfield>
    <subfield code="1">0</subfield>
    <subfield code="4">0</subfield>
    <subfield code="6">660_602458000000000_C34I2</subfield>
    <subfield code="7">0</subfield>
    <subfield code="9">223522</subfield>
    <subfield code="a">MAIN</subfield>
    <subfield code="b">MAIN</subfield>
    <subfield code="c">UIET</subfield>
    <subfield code="d">2008-04-28</subfield>
    <subfield code="l">0</subfield>
    <subfield code="o">660.602458 C34I(2)</subfield>
    <subfield code="p">248031</subfield>
    <subfield code="r">2023-09-17 21:29:40</subfield>
    <subfield code="w">2023-09-17</subfield>
    <subfield code="y">BK</subfield>
  </datafield>
  <datafield tag="952" ind1=" " ind2=" ">
    <subfield code="0">0</subfield>
    <subfield code="1">0</subfield>
    <subfield code="4">0</subfield>
    <subfield code="6">660_602458000000000_C34I2</subfield>
    <subfield code="7">0</subfield>
    <subfield code="9">223523</subfield>
    <subfield code="a">MAIN</subfield>
    <subfield code="b">MAIN</subfield>
    <subfield code="c">UIET</subfield>
    <subfield code="d">2008-04-28</subfield>
    <subfield code="l">0</subfield>
    <subfield code="o">660.602458 C34I(2)</subfield>
    <subfield code="p">248032</subfield>
    <subfield code="r">2023-09-17 21:29:40</subfield>
    <subfield code="w">2023-09-17</subfield>
    <subfield code="y">BK</subfield>
  </datafield>
  <datafield tag="952" ind1=" " ind2=" ">
    <subfield code="0">0</subfield>
    <subfield code="1">0</subfield>
    <subfield code="4">0</subfield>
    <subfield code="6">660_602458000000000_C34I2</subfield>
    <subfield code="7">0</subfield>
    <subfield code="9">223524</subfield>
    <subfield code="a">MAIN</subfield>
    <subfield code="b">MAIN</subfield>
    <subfield code="c">UIET</subfield>
    <subfield code="d">2008-04-28</subfield>
    <subfield code="l">0</subfield>
    <subfield code="o">660.602458 C34I(2)</subfield>
    <subfield code="p">248033</subfield>
    <subfield code="r">2023-09-17 21:29:40</subfield>
    <subfield code="w">2023-09-17</subfield>
    <subfield code="y">BK</subfield>
  </datafield>
  <datafield tag="952" ind1=" " ind2=" ">
    <subfield code="0">0</subfield>
    <subfield code="1">0</subfield>
    <subfield code="4">0</subfield>
    <subfield code="6">660_602458000000000_C34I2</subfield>
    <subfield code="7">0</subfield>
    <subfield code="9">223525</subfield>
    <subfield code="a">MAIN</subfield>
    <subfield code="b">MAIN</subfield>
    <subfield code="c">UIET</subfield>
    <subfield code="d">2008-04-28</subfield>
    <subfield code="l">0</subfield>
    <subfield code="o">660.602458 C34I(2)</subfield>
    <subfield code="p">248034</subfield>
    <subfield code="r">2023-09-17 21:29:40</subfield>
    <subfield code="w">2023-09-17</subfield>
    <subfield code="y">BK</subfield>
  </datafield>
  <datafield tag="952" ind1=" " ind2=" ">
    <subfield code="0">0</subfield>
    <subfield code="1">0</subfield>
    <subfield code="4">0</subfield>
    <subfield code="6">660_602458000000000_C34I2</subfield>
    <subfield code="7">0</subfield>
    <subfield code="9">223526</subfield>
    <subfield code="a">MAIN</subfield>
    <subfield code="b">MAIN</subfield>
    <subfield code="c">UIET</subfield>
    <subfield code="d">2008-04-28</subfield>
    <subfield code="l">0</subfield>
    <subfield code="o">660.602458 C34I(2)</subfield>
    <subfield code="p">248035</subfield>
    <subfield code="r">2023-09-17 21:29:40</subfield>
    <subfield code="w">2023-09-17</subfield>
    <subfield code="y">BK</subfield>
  </datafield>
  <datafield tag="952" ind1=" " ind2=" ">
    <subfield code="0">0</subfield>
    <subfield code="1">0</subfield>
    <subfield code="4">0</subfield>
    <subfield code="6">660_602458000000000_C34I2</subfield>
    <subfield code="7">0</subfield>
    <subfield code="9">223527</subfield>
    <subfield code="a">MAIN</subfield>
    <subfield code="b">MAIN</subfield>
    <subfield code="c">UIET</subfield>
    <subfield code="d">2008-04-28</subfield>
    <subfield code="l">2</subfield>
    <subfield code="o">660.602458 C34I(2)</subfield>
    <subfield code="p">248036</subfield>
    <subfield code="r">2025-12-12 09:19:20</subfield>
    <subfield code="s">2025-11-24</subfield>
    <subfield code="w">2023-09-17</subfield>
    <subfield code="y">BK</subfield>
  </datafield>
  <datafield tag="952" ind1=" " ind2=" ">
    <subfield code="0">0</subfield>
    <subfield code="1">0</subfield>
    <subfield code="4">0</subfield>
    <subfield code="6">660_602458000000000_C34I2</subfield>
    <subfield code="7">0</subfield>
    <subfield code="9">223528</subfield>
    <subfield code="a">MAIN</subfield>
    <subfield code="b">MAIN</subfield>
    <subfield code="c">UIET</subfield>
    <subfield code="d">2008-04-28</subfield>
    <subfield code="l">0</subfield>
    <subfield code="o">660.602458 C34I(2)</subfield>
    <subfield code="p">248037</subfield>
    <subfield code="r">2023-09-17 21:29:40</subfield>
    <subfield code="w">2023-09-17</subfield>
    <subfield code="y">BK</subfield>
  </datafield>
  <datafield tag="952" ind1=" " ind2=" ">
    <subfield code="0">0</subfield>
    <subfield code="1">0</subfield>
    <subfield code="4">0</subfield>
    <subfield code="6">660_602458000000000_C34I2</subfield>
    <subfield code="7">0</subfield>
    <subfield code="9">223529</subfield>
    <subfield code="a">MAIN</subfield>
    <subfield code="b">MAIN</subfield>
    <subfield code="c">UIET</subfield>
    <subfield code="d">2008-04-28</subfield>
    <subfield code="l">0</subfield>
    <subfield code="o">660.602458 C34I(2)</subfield>
    <subfield code="p">248038</subfield>
    <subfield code="r">2023-09-17 21:29:40</subfield>
    <subfield code="w">2023-09-17</subfield>
    <subfield code="y">BK</subfield>
  </datafield>
  <datafield tag="952" ind1=" " ind2=" ">
    <subfield code="0">0</subfield>
    <subfield code="1">0</subfield>
    <subfield code="4">0</subfield>
    <subfield code="6">660_602458000000000_C34I2</subfield>
    <subfield code="7">0</subfield>
    <subfield code="9">223530</subfield>
    <subfield code="a">MAIN</subfield>
    <subfield code="b">MAIN</subfield>
    <subfield code="c">UIET</subfield>
    <subfield code="d">2008-04-28</subfield>
    <subfield code="l">0</subfield>
    <subfield code="o">660.602458 C34I(2)</subfield>
    <subfield code="p">248039</subfield>
    <subfield code="r">2023-09-17 21:29:40</subfield>
    <subfield code="w">2023-09-17</subfield>
    <subfield code="y">BK</subfield>
  </datafield>
  <datafield tag="952" ind1=" " ind2=" ">
    <subfield code="0">0</subfield>
    <subfield code="1">0</subfield>
    <subfield code="4">0</subfield>
    <subfield code="6">660_602458000000000_C34I2</subfield>
    <subfield code="7">0</subfield>
    <subfield code="9">223531</subfield>
    <subfield code="a">MAIN</subfield>
    <subfield code="b">MAIN</subfield>
    <subfield code="c">UIET</subfield>
    <subfield code="d">2008-04-28</subfield>
    <subfield code="l">0</subfield>
    <subfield code="o">660.602458 C34I(2)</subfield>
    <subfield code="p">248040</subfield>
    <subfield code="r">2023-09-17 21:29:40</subfield>
    <subfield code="w">2023-09-17</subfield>
    <subfield code="y">BK</subfield>
  </datafield>
  <datafield tag="952" ind1=" " ind2=" ">
    <subfield code="0">0</subfield>
    <subfield code="1">0</subfield>
    <subfield code="4">0</subfield>
    <subfield code="6">660_602458000000000_C34I2</subfield>
    <subfield code="7">0</subfield>
    <subfield code="9">223532</subfield>
    <subfield code="a">MAIN</subfield>
    <subfield code="b">MAIN</subfield>
    <subfield code="c">UIET</subfield>
    <subfield code="d">2008-04-28</subfield>
    <subfield code="l">0</subfield>
    <subfield code="o">660.602458 C34I(2)</subfield>
    <subfield code="p">248041</subfield>
    <subfield code="r">2023-09-17 21:29:40</subfield>
    <subfield code="w">2023-09-17</subfield>
    <subfield code="y">BK</subfield>
  </datafield>
  <datafield tag="952" ind1=" " ind2=" ">
    <subfield code="0">0</subfield>
    <subfield code="1">0</subfield>
    <subfield code="4">0</subfield>
    <subfield code="6">660_602458000000000_C34I2</subfield>
    <subfield code="7">0</subfield>
    <subfield code="9">223533</subfield>
    <subfield code="a">MAIN</subfield>
    <subfield code="b">MAIN</subfield>
    <subfield code="c">UIET</subfield>
    <subfield code="d">2008-04-28</subfield>
    <subfield code="l">7</subfield>
    <subfield code="o">660.602458 C34I(2)</subfield>
    <subfield code="p">248042</subfield>
    <subfield code="r">2025-05-17 11:34:58</subfield>
    <subfield code="s">2025-05-05</subfield>
    <subfield code="w">2023-09-17</subfield>
    <subfield code="y">BK</subfield>
  </datafield>
  <datafield tag="952" ind1=" " ind2=" ">
    <subfield code="0">0</subfield>
    <subfield code="1">0</subfield>
    <subfield code="4">0</subfield>
    <subfield code="6">660_602458000000000_C34I2</subfield>
    <subfield code="7">0</subfield>
    <subfield code="9">223534</subfield>
    <subfield code="a">MAIN</subfield>
    <subfield code="b">MAIN</subfield>
    <subfield code="c">UIET</subfield>
    <subfield code="d">2008-04-28</subfield>
    <subfield code="l">0</subfield>
    <subfield code="o">660.602458 C34I(2)</subfield>
    <subfield code="p">248043</subfield>
    <subfield code="r">2023-09-17 21:29:40</subfield>
    <subfield code="w">2023-09-17</subfield>
    <subfield code="y">BK</subfield>
  </datafield>
  <datafield tag="952" ind1=" " ind2=" ">
    <subfield code="0">0</subfield>
    <subfield code="1">0</subfield>
    <subfield code="4">0</subfield>
    <subfield code="6">660_602458000000000_C34I2</subfield>
    <subfield code="7">0</subfield>
    <subfield code="9">223535</subfield>
    <subfield code="a">MAIN</subfield>
    <subfield code="b">MAIN</subfield>
    <subfield code="c">UIET</subfield>
    <subfield code="d">2008-04-28</subfield>
    <subfield code="l">0</subfield>
    <subfield code="o">660.602458 C34I(2)</subfield>
    <subfield code="p">248044</subfield>
    <subfield code="r">2023-09-17 21:29:40</subfield>
    <subfield code="w">2023-09-17</subfield>
    <subfield code="y">BK</subfield>
  </datafield>
  <datafield tag="952" ind1=" " ind2=" ">
    <subfield code="0">0</subfield>
    <subfield code="1">0</subfield>
    <subfield code="4">0</subfield>
    <subfield code="6">660_602458000000000_C34I2</subfield>
    <subfield code="7">0</subfield>
    <subfield code="9">223536</subfield>
    <subfield code="a">MAIN</subfield>
    <subfield code="b">MAIN</subfield>
    <subfield code="c">UIET</subfield>
    <subfield code="d">2008-04-28</subfield>
    <subfield code="l">0</subfield>
    <subfield code="o">660.602458 C34I(2)</subfield>
    <subfield code="p">248045</subfield>
    <subfield code="r">2023-09-17 21:29:40</subfield>
    <subfield code="w">2023-09-17</subfield>
    <subfield code="y">BK</subfield>
  </datafield>
  <datafield tag="999" ind1=" " ind2=" ">
    <subfield code="c">141525</subfield>
    <subfield code="d">141525</subfield>
  </datafield>
</record>
